000 00796nam a22002057a 4500
005 20100819160536.0
010 _aENG-100927
020 _c90.00
_a8182400260
035 _aEN-84460
037 _bDBAD/PUB
082 _a594
100 _aMohanakrishnan, H.
_915502
245 _aParasitic infestations of wild life :
_cby H.Mohanakrishnan
_bwith reference to certain large mammals and primates of Mudumalai sanctuary /
260 _aNew Delhi
_bDhruv Publications
_c2008
270 _bNew Delhi
_a4393/4A, 1st Floor, Ansari Road, Daryaganj
_e110002
300 _a49p.:
_c22cm (pbk)
_bill.
500 _aincludes bibliographical references
942 _2ddc
_cEN
_h594
_mMOH
999 _c42617
_d42617